Trends in Inclusive Labour Market Developments in the Visegrad Group
Identifikácia trendov, ktoré formujú trh práce krajín Vyšehrádskej skupiny. Analýza a porovnanie miery zamestnanosti, miery nezamestnanosti a dlhodobej miery nezamestnanosti v sledovanom období rokov 2000 až 2016.
Gespeichert in:
| 1. Verfasser: | |
|---|---|
| Weitere Verfasser: | , |
| Format: | Buchkapitel |
| Sprache: | Englisch |
| Schlagworte: | |
| Tags: |
Keine Tags, Fügen Sie das erste Tag hinzu!
|
MARC
| LEADER | 00000nla a2200000 4500 | ||
|---|---|---|---|
| 001 | 0245605 | ||
| 005 | 20240417075140.3 | ||
| 041 | 0 | |a eng | |
| 044 | |a SK | ||
| 245 | 1 | 0 | |a Trends in Inclusive Labour Market Developments in the Visegrad Group |c Eva Koišová, Jana Masárová, Monika Gullerová |
| 520 | |a Identifikácia trendov, ktoré formujú trh práce krajín Vyšehrádskej skupiny. Analýza a porovnanie miery zamestnanosti, miery nezamestnanosti a dlhodobej miery nezamestnanosti v sledovanom období rokov 2000 až 2016. | ||
| 610 | 2 | 0 | |a politika zamestnanosti |
| 610 | 2 | 0 | |a analýza komparatívna |
| 610 | 2 | 0 | |a trh práce |
| 610 | 2 | 0 | |a miera nezamestnanosti |
| 610 | 2 | 0 | |a Vyšehradská štvorka |
| 100 | 1 | |a Koišová, Eva | |
| 700 | 1 | |a Masárová, Jana | |
| 700 | 1 | |a Gullerová, Monika | |